000
00283nam a22001337a 4500
008
171030b xxu||||| |||| 00| 0 eng d
020
_a
9780030313097
041
_a
eng
080
_a
336
100
_a
56
101
_a
FIN
245
_a
INTEREST RATES
_c
SMITH,S.D
942
_2
udc
_c
BK
999
_c
36320
_d
36320